| 000 | 00419nam a2200157Ia 4500 | ||
|---|---|---|---|
| 008 | 160316s2005 xxu||||| |||| 00| 0 eng d | ||
| 082 |
_a362.710000 _bKAC |
||
| 100 | _aKacker Loveleen | ||
| 245 | _aRajiv Gandhi national creche scheme for children of working mothers | ||
| 250 | _a | ||
| 260 |
_aNew Delhi _bDWCD _c2005 |
||
| 300 |
_a19 _b _c |
||
| 365 | _b | ||
| 650 | _a1. working mothers 2. children | ||
| 700 |
_a _a |
||
| 999 |
_c33377 _d33377 |
||